Las escuelas de mañana
Uloženo v:
| Hlavní autor: | |
|---|---|
| Médium: | Kniha |
| Jazyk: | španělština |
| Vydáno: |
Buenos Aires
Losada
1960
|
| Vydání: | 3a. ed |
| Edice: | Publicaciones de la revista de pedagogía. Biblioteca del maestro
|
| Témata: | |
| Tagy: |
Přidat tag
Žádné tagy, Buďte první, kdo vytvoří štítek k tomuto záznamu!
|
MARC
| LEADER | 00000nam a2200000 a 4500 | ||
|---|---|---|---|
| 001 | UCY8650 | ||
| 003 | CL-VaPUC | ||
| 008 | 950703e19600000AG |||||||||||||||||spa|d | ||
| 082 | 0 | 4 | |a 370.1 |b DEW |2 21 |
| 100 | 0 | |a Dewey, John |e author |9 328380 | |
| 245 | 1 | 4 | |a Las escuelas de mañana |
| 250 | |a 3a. ed | ||
| 300 | |a 177 p | ||
| 942 | |c BK | ||
| 945 | |d 19950703 00:00:00 |a lriquelm | ||
| 260 | |a Buenos Aires |b Losada |c 1960 | ||
| 650 | 0 | |a Filosofía de la educación |9 258384 | |
| 650 | 0 | |a Teoría de la educación |9 309368 | |
| 650 | 7 | |a DESARROLLO DE LA EDUCACION |2 CL-VaPUC |9 340236 | |
| 650 | 0 | |a Libertad |9 255686 | |
| 650 | 7 | |a INDIVIDUALIDAD |2 CL-VaPUC |9 268124 | |
| 650 | 0 | |a Escuelas |9 308582 | |
| 583 | |a last modification |c 19950703 00:00:00 |k Rodrigo Vera | ||
| 490 | 0 | |a Publicaciones de la revista de pedagogía. Biblioteca del maestro | |
| 999 | |c 235878 |d 235876 | ||
| 952 | |0 0 |1 0 |4 0 |6 370_100000000000000_DEW_1960 |7 0 |8 P |9 243570 |a BIBEDU |b BIBEDU |c BIBEDU_PB |d 2019-11-18 |i 1527193 |o 370.1 DEW 1960 |p 1527193 |r 2024-01-25 |w 2019-11-18 |y BK |k EDU | ||